01643nam a2200265Ia 450000500170000000800410001704000530005804100230011124500570013426000480019130000390023950003530027850801870063151101550081854600730097365000560104665000200110265000290112265000330115165000170118470000420120171000260124376500190126985600890128820140410171922.0130821s1999 xx g q lmul d aCO-BoUCMbspacOscar Anaya (modificó)d[Nuevo]00aspaaengaporafre03aOjos bien cerradoscStanley Kubrick, directorh[DVD] a[Lugar desconocido]bWarner Bros Inc.c1999 a1 DVD, 159 minutosbsonido, imagen aSINOPSIS: El doctor William y su señora lo tienen todo; dinero,guapos,etc.Peo tambien no tienen nada: no tienen confianza entre ellos,ect. hasta la señora le dice a William que meses atrás tuvo relaciones eroticas con otro. Eso le provoca a él una bajoestima y entra en una sociedad de erotismo,sexo,etc. que puede traer graves consecencias aCRÉDITOS: Director, Stanley Kubrick; Guión, Stanley Kubrick y Frederic Raphael; Productor, Stanley Kubrick; Música, Jocelyn Pook; Fotografía, Larry Smith; Montaje, Nigel Galt aREPARTO: Tom Cruise, Nicole Kidman, Madison Eginton, Jackie Sawiris, Sydney Pollack, Leslie Lowe, Peter Benson, Todd Field, Michael Doven, Sky Du Mont aAudio en Inglés. Subtítulos en Inglés, Portugués, Español.04aPelículas cinematográficaszEstados UnidosvDVD04aEntretenimiento04aErotismo en el cinevDVD04aPelículas de suspensovDVD04aSociología1 aKubrick, Stanleyd1928-1999edirector2 aWarner Bros. Pictures0 tEyes Wide Shut04uhttp://www.youtube.com/watch?v=HPZ-X8PLOIMzSiga este vínculo para ver el trailer.